| 000 | 01040nam a2200241 a 4500 | ||
|---|---|---|---|
| 001 | 47842 | ||
| 003 | BD-RjUL | ||
| 005 | 20211209054414.0 | ||
| 008 | 160810s2004 bg ||||| |||| 00| 0 ben d | ||
| 020 |
_a9848430237 _c: Tk.190.00 |
||
| 035 | _a(BD-RjUL)47961 | ||
| 040 |
_aBD-RjUL _bben _cBD-RjUL _dBD-RjUL |
||
| 041 | _aben | ||
| 082 |
_223 _a344.052 _bMIS 2004 |
||
| 100 | 1 |
_aমিয়া, ছিদ্দিকুর রহমান _9145244 |
|
| 245 | 1 | 0 |
_aসরকারী অনুমোদন প্রাপ্ত মহানগরী পুলিশ অধ্যাদেশ : _b[সর্বশেষ সংশোধনীসহ] / _cছিদ্দিকুর রহমান মিয়া |
| 250 | _a২য় সং. | ||
| 260 |
_aঢাকা : _bকামরুল বুক হাউস, _c২০০৪. |
||
| 300 |
_a[৩১], ১৭৬ পৃ. : _bচিত্র ; _c২২ সেমি. |
||
| 650 |
_aপুলিশ সেবা _9145245 _xআইন |
||
| 650 |
_aPolice Service _9144274 _xLaw |
||
| 942 |
_2ddc _cBK |
||
| 999 |
_c47842 _d47842 |
||